Statistics for Greek and Roman Gods Quiz

Click here to take the quiz!

General Stats

  • This quiz has been taken 161 times
  • The average score is 18 of 24

Answer Stats

HintAnswer% Correct
Goddess of Love and BeautyAphrodite
98%
God of the UnderworldHades
97%
King of the GodsZeus
97%
God of WarAres
96%
God of the SeaPoseidon
94%
Goddess of Wisdom, Crafts, and WarAthena
93%
Goddess of Animals, and the HuntArtemis
92%
God of Travelers, Trickery, and CommunicationHermes
91%
God of Music, Poetry, and MedicineApollo
89%
God of Wine and PartiesDionysus
88%
Goddess of Marriage and FamilyHera
88%
Goddess of AgricultureDemeter
85%
God of Fire and BlacksmithsHephaestus
85%
Goddess of the Rainbow and CommunicationIris
78%
Goddess of the EarthGaea
76%
God of SleepHypnos
76%
God of the WildPan
76%
Goddess of Magic and The MistHecate
68%
The Old God of the SkyOuranos
59%
God of Doorways and DecisionsJanus
54%
God of the WindsAeolus
41%
God of the North WindBoreas
39%
Goddess of SnowKhione
32%
God of the South WindNotus
21%

Score Distribution

Percentile by Number Answered

Percent of People with Each Score

Your Score History

You have not taken this quiz